Uni of the West of England (Record no. 195062)
[ view plain ]
| 000 -LEADER | |
|---|---|
| fixed length control field | 00739 a2200157 4500 |
| 003 - CONTROL NUMBER IDENTIFIER | |
| control field | Nust |
| 005 - DATE AND TIME OF LATEST TRANSACTION | |
| control field | 20170207154215.0 |
| 040 ## - CATALOGING SOURCE | |
| Transcribing agency | Nust |
| 082 ## - DEWEY DECIMAL CLASSIFICATION NUMBER | |
| Classification number | 378.4 |
| 245 ## - TITLE STATEMENT | |
| Title | Uni of the West of England |
| Remainder of title | Uni of the West of England |
| 260 ## - PUBLICATION, DISTRIBUTION, ETC. | |
| Place of publication, distribution, etc. | England |
| Name of publisher, distributor, etc. | Uni of the West of England |
| Date of publication, distribution, etc. | 2001 |
| 300 ## - PHYSICAL DESCRIPTION | |
| Extent | 304 p. |
| 505 ## - FORMATTED CONTENTS NOTE | |
| Formatted contents note | About UWE and Bristol (Page-4) The Campuses (Page-10) The Faculties (page-13) Studying at Bristol UWE (Page-26) Information Technology (page-27) Libraries (Page-27) Language Centre (Page-28) Work and Study (Page-29) Accommodation (Page-34) The Performing Arts (Page-36) Student Advice and Welfare (Page-38) Money Matters (Page-40) How to Apply (Page-42) |
| 538 ## - SYSTEM DETAILS NOTE | |
| System details note | Almirah No. 117 Shelf No. 2 |
| 650 ## - SUBJECT ADDED ENTRY--TOPICAL TERM | |
| Topical term or geographic name entry element | UG Prospectus |
| 942 ## - ADDED ENTRY ELEMENTS (KOHA) | |
| Source of classification or shelving scheme | |
| Koha item type | Book |
| Withdrawn status | Lost status | Source of classification or shelving scheme | Damaged status | Not for loan | Collection code | Permanent Location | Current Location | Date acquired | Total Checkouts | Full call number | Barcode | Date last seen | Price effective from | Koha item type |
|---|---|---|---|---|---|---|---|---|---|---|---|---|---|---|
| Military College of Signals (MCS) | Military College of Signals (MCS) | 12/12/2016 | 378.4 UNI | MCSPS-45 | 12/08/2016 | 12/12/2016 | Book |
